Audience-citizens : (Record no. 27984)

MARC details
000 -LEADER
fixed length control field 01650nam a22002898a 4500
005 - DATE AND TIME OF LATEST TRANSACTION
control field 20090630115622.0
008 - FIXED-LENGTH DATA ELEMENTS--GENERAL INFORMATION
fixed length control field 090128s2009 cau b 001 0 eng
010 ## - LCCN (DPL NO)
LC control number ENG-94292
020 ## - INTERNATIONAL STANDARD BOOK NUMBER
International Standard Book Number 9788178299358
Terms of availability 495.00
035 ## - SYSTEM CONTROL NUMBER
System control number EN-77825
037 ## - SOURCE OF ACQUISITION
Source of stock number/acquisition DBAD / PUB
040 ## - CATALOGING SOURCE
Original cataloging agency dpl
Language of cataloging English
082 ## - DEWEY DECIMAL CLASSIFICATION NUMBER
Classification number 302.23
100 ## - MAIN ENTRY--PERSONAL NAME
Personal name Harindranath, Ramaswami
245 ## - TITLE STATEMENT
Title Audience-citizens :
Remainder of title the media, public knowledge and interpretive practice /
Statement of responsibility, etc by Ramaswami Harindranath
260 ## - PUBLICATION, DISTRIBUTION, ETC. (IMPRINT)
Place of publication, distribution, etc New Delhi
Name of publisher, distributor, etc SAGE Publications
Date of publication, distribution, etc 2009
270 ## - ADDRESS
Address B I/I-1 Mohan Cooprative Industrial Area, Mathura Road,
City New Delhi
Postal code 110044
300 ## - PHYSICAL DESCRIPTION
Extent vii, 271p.
Dimensions 23cm(Hb)
504 ## - BIBLIOGRAPHY, ETC. NOTE
Bibliography, etc Includes bibliographical references and index
505 ## - FORMATTED CONTENTS NOTE
Formatted contents note Introduction : media audiences, public knowledge and democracy -- Audiences and socio-cultural contexts -- Understanding "understanding" : the hermeneutics of audience reception -- Exploring "context" -- Documentary meanings and public knowledge -- Methodological reflections on "cross-cultural" audience research -- Non-fiction and audience evaluations -- Ethnicity, multiculturalism and interpretive practice -- Making connections : media audiences and cultural citizenship -- Concluding comments.
650 ## - SUBJECT ADDED ENTRY--TOPICAL TERM
Topical term or geographic name as entry element Mass media
General subdivision Political aspects
Geographic subdivision India.
650 ## - SUBJECT ADDED ENTRY--TOPICAL TERM
Topical term or geographic name as entry element Mass media
General subdivision Social aspects
Geographic subdivision India.
650 ## - SUBJECT ADDED ENTRY--TOPICAL TERM
Topical term or geographic name as entry element Democracy
Geographic subdivision India.
651 ## - SUBJECT ADDED ENTRY--GEOGRAPHIC NAME
Geographic name India
General subdivision Politics and government.
942 ## - ADDED ENTRY ELEMENTS (KOHA)
Source of classification or shelving scheme Dewey Decimal Classification
Item type English Books
Classification part 302.23
Call number suffix HAR
Holdings
Withdrawn status Lost status Source of classification or shelving scheme Damaged status Not for loan Collection code Home library Current library Date acquired Source of acquisition Cost, normal purchase price Total Checkouts Full call number Barcode Date last seen Copy number Cost, replacement price Koha item type
    Dewey Decimal Classification   Not For Loan Non-fiction D.B.Act.Division D.B.Act.Division 30/06/2009 DBAD / PUB 495.00   302.23 HAR EN-77825 30/06/2009 1 495.00 English Books

© Delhi Public Library
Hit Counter
free hit counter